000
00291nam a22001337a 4500
008
170808b xxu||||| |||| 00| 0 eng d
020
_a
9781435487215
041
_a
eng
080
_2
5TH
_a
004
100
_a
35
101
_a
SHK
245
_a
GUIDE TO HARDWARE
_c
ANDREWS,J
942
_2
udc
_c
BK
999
_c
22915
_d
22915